000
00303nam a2200133Ia 4500
005
20251222155131.0
008
251222s9999||||xx |||||||||||||| ||spa||
082
_a
SIC. 28
100
_a
UNIFE.
245
0
_a
La NiƱez : Construyendo Identidad
250
_a
1ra. ed.
264
_b
Unife
942
_c
LIB
999
_c
38808
_d
38808